000 00254nam a2200097Ia 4500
001 1250449
005 20251031150856.0
008 251031s9999 xx 000 0 und d
245 0 _cNICHOLAS CANNON
_aG-2 DÜNYANIN SONUNA YOLCULUK
260 _bCAN YAYINLARI
999 _c1250449
_d1250449